Измерение проб воды с помощью детектора радона RAD H[2]O; IX Школа-конференция молодых атомщиков Сибири

Podrobná bibliografie
Parent link:IX Школа-конференция молодых атомщиков Сибири.— 2018.— [С. 59]
Hlavní autor: Бергман В. Д.
Korporativní autor: Национальный исследовательский Томский политехнический университет (ТПУ)
Shrnutí:Заглавие с экрана
Jazyk:ruština
Vydáno: 2018
Edice:Перспективные направления развития ядерной энергетики. Ядерные технологии в инновационной экономике и ядерной медицине
Témata:
On-line přístup:http://earchive.tpu.ru/handle/11683/51606
Médium: MixedMaterials Elektronický zdroj Kapitola
KOHA link:https://koha.lib.tpu.ru/cgi-bin/koha/opac-detail.pl?biblionumber=628326

MARC

LEADER 00000naa2a2200000 4500
001 628326
005 20231101133515.0
035 |a (RuTPU)RU\TPU\conf\28521 
035 |a RU\TPU\conf\28520 
090 |a 628326 
100 |a 20181108d2018 k y0rusy50 ca 
101 0 |a rus 
102 |a RU 
105 |a y z 101zy 
135 |a drgn ---uucaa 
181 0 |a i  
182 0 |a b 
200 1 |a Измерение проб воды с помощью детектора радона RAD H[2]O  |f В. Д. Бергман 
203 |a Текст  |c электронный 
225 1 |a Перспективные направления развития ядерной энергетики. Ядерные технологии в инновационной экономике и ядерной медицине 
230 |a 1 компьютерный файл (pdf; 170 Kb) 
300 |a Заглавие с экрана 
320 |a [Библиогр.: с. 59 (2 назв.)] 
463 0 |0 (RuTPU)RU\TPU\conf\28487  |t IX Школа-конференция молодых атомщиков Сибири  |o сборник тезисов докладов, 17-19 октября 2018 г., г. Томск  |f Росатом [и др.]  |v [С. 59]  |d 2018 
610 1 |a электронный ресурс 
610 1 |a труды учёных ТПУ 
610 1 |a пробы 
610 1 |a воды 
610 1 |a детекторы 
610 1 |a радон 
610 1 |a неразрушающие методы 
610 1 |a ядерные технологии 
610 1 |a измерения 
700 1 |a Бергман  |b В. Д. 
712 0 2 |a Национальный исследовательский Томский политехнический университет (ТПУ)  |c (2009- )  |2 stltpush  |3 (RuTPU)RU\TPU\col\15902 
801 2 |a RU  |b 63413507  |c 20181113  |g RCR 
856 4 |u http://earchive.tpu.ru/handle/11683/51606 
942 |c BK